000 00471nam a2200157 a 4500
001 000032659
005 20200930065748.0
008 110725s1941 dr 000 0 spa d
040 _aDO-SdBNP
_bspa
_cBNPHU
082 _axxxx
_bL473
100 1 _aLedesma Piedra ., J. Bienvenido
_958542
245 1 0 _aBiografía del libertador. /
_cJ. Bienvenido Ledesma P.
260 _aSantiago, República Dominicana :
_bEl Diario,
_c1941.
300 _a114 p. ;
_c16 p.
049 _aBNPD
999 _c32150
_d32150